[Event "New York Karff Memorial op"]
[Site "New York"]
[Date "2023.11.18"]
[Round "3"]
[White "Radchenko, Anna Sophia"]
[Black "Zlotchevsky, Nicole"]
[Result "0-1"]
[WhiteElo "1540"]
[BlackElo "1771"]
[PlyCount "40"]
[EventDate "2023.11.17"]
[EventType "swiss"]
[EventRounds "5"]
[EventCountry "USA"]
[SourceTitle "CB47_2023"]
[SourceDate "2023.11.22"]
[SourceVersion "1"]
[SourceVersionDate "2023.11.22"]
[SourceQuality "1"]

1. e4 c5 2. Nf3 e6 3. d4 cxd4 4. Nxd4 a6 5. Bc4 Nf6 6. f3 Qc7 7. Bb3 Bd6 8. g3 Nc6 9. Nxc6 dxc6 10. Bg5 Bxg3+ 11. hxg3 Qxg3+ 12. Kf1 Qxg5 13. Nc3 0-0 14. Qd3 e5 15. Kf2 h5 16. Rag1 Qh6 17. Qd6 Ng4+ 18. fxg4 Qxd6 19. Rxh5 Be6 20. Rgh1 f6 0-1